[Event "POL-chT3 Slaskie"]
[Site "Poland"]
[Date "2008.02.19"]
[Round "4.10"]
[White "Bojdol, Robert"]
[Black "Brodacki, Bernard"]
[Result "0-1"]
[WhiteElo "2098"]
[BlackElo "2042"]
[PlyCount "94"]
[EventDate "2008.02.03"]
[EventType "team-swiss"]
[EventRounds "9"]
[EventCountry "POL"]
[SourceTitle "EXT 2019"]
[Source "ChessBase"]
[SourceDate "2018.10.10"]
[SourceVersion "1"]
[SourceVersionDate "2018.10.10"]
[SourceQuality "1"]

1. e4 e6 2. d4 d5 3. Nc3 Bb4 4. e5 c5 5. a3 Bxc3+ 6. bxc3 b6 7. Nf3 Ne7 8. Bd3 a5 9. a4 c4 10. Be2 h6 11. 0-0 0-0 12. g4 Kh7 13. Bf4 g5 14. Bg3 Ng6 15. Qd2 Nd7 16. Rfe1 Rg8 17. h3 Ndf8 18. Qe3 Bd7 19. Nh2 Qe8 20. Rf1 Bxa4 21. Bd1 Bc6 22. f4 gxf4 23. Bxf4 Nxf4 24. Rxf4 Qe7 25. Rf6 Rg6 26. Qf4 Kg7 27. Be2 Nh7 28. Rf1 Be8 29. g5 Nxg5 30. Kh1 Ne4 31. Ng4 h5 32. Rxg6+ fxg6 33. Qh6+ Kg8 34. Nf6+ Nxf6 35. exf6 Qf8 36. Qg5 Kh7 37. Qe5 Bf7 38. Rg1 Qh6 39. Rg5 Rg8 40. h4 Qf8 41. Qc7 Kh6 42. Qf4 Kh7 43. Qc7 Kh8 44. Qa7 Be8 45. Qxb6 Qxf6 46. Qxa5 Qf2 47. Rg2 Qxh4+ 0-1

[Event "POL-chT2 South"]
[Site "Ustron"]
[Date "2001.09.??"]
[Round "?"]
[White "Bojdol, Robert"]
[Black "Liszek, Krzysztof"]
[Result "1-0"]
[WhiteElo "2079"]
[BlackElo "2070"]
[PlyCount "40"]
[EventDate "2001.09.14"]
[EventType "team-swiss"]
[EventRounds "10"]
[EventCountry "POL"]
[SourceTitle "EXT 2019"]
[Source "ChessBase"]
[SourceDate "2018.10.10"]
[SourceVersion "1"]
[SourceVersionDate "2018.10.10"]
[SourceQuality "1"]

1. e4 e5 2. f4 d5 3. exd5 c6 4. d6 Bxd6 5. Bc4 exf4 6. Nf3 Ne7 7. 0-0 0-0 8. d4 Bg4 9. c3 Nd7 10. Nbd2 Nf5 11. Ne4 Bc7 12. Qb3 Ne3 13. Bxe3 fxe3 14. Nfg5 Bh5 15. Bxf7+ Bxf7 16. Rxf7 Rxf7 17. Qxf7+ Kh8 18. Qh5 Kg8 19. Qxh7+ Kf8 20. Qh8+ Ke7 1-0

[Event "POL-chT2 South"]
[Site "Ustron"]
[Date "2001.09.??"]
[Round "?"]
[White "Raszka, Janusz"]
[Black "Bojdol, Robert"]
[Result "1-0"]
[WhiteElo "2256"]
[BlackElo "2079"]
[PlyCount "47"]
[EventDate "2001.09.14"]
[EventType "team-swiss"]
[EventRounds "10"]
[EventCountry "POL"]
[SourceTitle "EXT 2019"]
[Source "ChessBase"]
[SourceDate "2018.10.10"]
[SourceVersion "1"]
[SourceVersionDate "2018.10.10"]
[SourceQuality "1"]

1. e4 c5 2. Nf3 d6 3. d4 cxd4 4. Nxd4 Nf6 5. Nc3 a6 6. a4 e5 7. Nb3 Be7 8. Be2 0-0 9. 0-0 Be6 10. f4 Qc7 11. f5 Bc4 12. g4 Qc6 13. Bxc4 Qxc4 14. Qf3 Nc6 15. g5 Ne8 16. Qh5 Bd8 17. Rf3 g6 18. Qh6 f6 19. fxg6 hxg6 20. Qxg6+ Ng7 21. gxf6 Rxf6 22. Rxf6 Bxf6 23. Nd5 Bh4 24. Bh6 1-0

[Event "POL-ch U18"]
[Site "Wisla"]
[Date "2000.??.??"]
[Round "9"]
[White "Bojdol, Robert"]
[Black "Becker, Bartosz"]
[Result "1-0"]
[WhiteElo "2060"]
[BlackElo "1800"]
[PlyCount "111"]
[EventDate "2000.02.26"]
[EventType "swiss"]
[EventRounds "10"]
[EventCountry "POL"]
[SourceTitle "EXT 2005"]
[Source "ChessBase"]
[SourceDate "2004.11.15"]
[SourceVersion "1"]
[SourceVersionDate "2004.11.15"]
[SourceQuality "1"]

1. e4 Nc6 2. d4 d5 3. e5 Bf5 4. c3 e6 5. Nd2 Nge7 6. f4 Qd7 7. Ndf3 0-0-0 8. Ne2 f6 9. Ng3 h6 10. Nxf5 Nxf5 11. Bb5 Nfe7 12. 0-0 f5 13. Ne1 Rg8 14. Nd3 Kb8 15. Nc5 Qc8 16. Qb3 Ka8 17. Qa4 Nb8 18. Be3 g5 19. b4 gxf4 20. Bxf4 Ng6 21. Be3 c6 22. Be2 b6 23. Nb3 Nd7 24. Nd2 c5 25. bxc5 bxc5 26. Bb5 Nb8 27. Nb3 c4 28. Nc5 Bxc5 29. dxc5 Nxe5 30. c6 Nexc6 31. Rab1 Qc7 32. Bxc6+ Nxc6 33. Bb6 Qd6 34. Bxd8 Rxd8 35. Qa6 Qc7 36. Rb5 d4 37. Rfb1 d3 38. Rb7 Qc8 39. R7b6 Qxa6 40. Rxa6 d2 41. Rd1 Kb7 42. Ra4 Ne5 43. Rb4+ Kc6 44. Rb2 Rd3 45. Rc2 Ng4 46. Rdxd2 Ne3 47. Rxd3 cxd3 48. Rd2 Kc5 49. Rxd3 Nd5 50. Kf2 e5 51. Rh3 Nf6 52. Ke2 Ng4 53. Rh5 Kd5 54. h3 Nf6 55. Rxf5 Ne4 56. Kd3 1-0

[Event "POL-ch U18"]
[Site "Wisla"]
[Date "2000.??.??"]
[Round "7"]
[White "Bojdol, Robert"]
[Black "Chojnacki, Krzysztof"]
[Result "1/2-1/2"]
[WhiteElo "2060"]
[BlackElo "2199"]
[PlyCount "65"]
[EventDate "2000.02.26"]
[EventType "swiss"]
[EventRounds "10"]
[EventCountry "POL"]
[SourceTitle "EXT 2005"]
[Source "ChessBase"]
[SourceDate "2004.11.15"]
[SourceVersion "1"]
[SourceVersionDate "2004.11.15"]
[SourceQuality "1"]

1. e4 c5 2. Nf3 e6 3. d4 cxd4 4. Nxd4 a6 5. Nc3 Qc7 6. Bd3 Nf6 7. 0-0 Nc6 8. Nxc6 bxc6 9. Qe2 d6 10. f4 e5 11. h3 Be7 12. Be3 0-0 13. Kh1 a5 14. Rad1 Rb8 15. b3 Be6 16. Qf3 exf4 17. Bxf4 Nd7 18. Qg3 Ne5 19. a4 Ng6 20. Be3 Bh4 21. Qf3 Bf6 22. Ne2 Be5 23. Nd4 Bxd4 24. Bxd4 c5 25. Bc3 Ne5 26. Qg3 f6 27. Bb5 Kh8 28. Qe1 Ra8 29. Qh4 Rad8 30. Qe1 Ra8 31. Qh4 Rad8 32. Qe1 Ra8 33. Qh4 1/2-1/2

[Event "POL-chT2 South U19"]
[Site "Rudnik"]
[Date "2000.??.??"]
[Round "5.1"]
[White "Bojdol, Robert"]
[Black "Gawel, Lukasz"]
[Result "1-0"]
[WhiteElo "2073"]
[BlackElo "1800"]
[PlyCount "55"]
[EventDate "2000.07.20"]
[EventType "team-swiss"]
[EventRounds "10"]
[EventCountry "POL"]
[SourceTitle "EXT 2005"]
[Source "ChessBase"]
[SourceDate "2004.11.15"]
[SourceVersion "1"]
[SourceVersionDate "2004.11.15"]
[SourceQuality "1"]
[WhiteTeam "POL-chT2 South U19 3"]
[BlackTeam "Piekary Slaskie U19"]
[WhiteTeamCountry "POL"]
[BlackTeamCountry "POL"]

1. e4 e5 2. f4 exf4 3. Bc4 Qh4+ 4. Kf1 d6 5. Nc3 Bg4 6. Nf3 Bxf3 7. Qxf3 Nc6 8. Bb5 Nge7 9. Nd5 0-0-0 10. Nxe7+ Nxe7 11. d3 Ng6 12. d4 h5 13. Bd2 Qg4 14. Qxg4+ hxg4 15. Be2 g3 16. Bg4+ Kb8 17. h4 Be7 18. h5 Bg5 19. Ke2 Nh4 20. Bxf4 Bxf4 21. Rxh4 g5 22. Rhh1 Rhe8 23. Kf3 f6 24. Rhe1 c6 25. Re2 Rh8 26. Rh1 Rh6 27. Bf5 Kc7 28. Kg4 1-0

[Event "POL-ch U18"]
[Site "Wisla"]
[Date "2000.??.??"]
[Round "10"]
[White "Fojudzki, Marcin"]
[Black "Bojdol, Robert"]
[Result "0-1"]
[WhiteElo "2156"]
[BlackElo "2060"]
[PlyCount "58"]
[EventDate "2000.02.26"]
[EventType "swiss"]
[EventRounds "10"]
[EventCountry "POL"]
[SourceTitle "EXT 2005"]
[Source "ChessBase"]
[SourceDate "2004.11.15"]
[SourceVersion "1"]
[SourceVersionDate "2004.11.15"]
[SourceQuality "1"]

1. e4 c5 2. Nf3 d6 3. d4 cxd4 4. Nxd4 Nf6 5. Nc3 a6 6. Bg5 e6 7. f4 Be7 8. Qf3 Qc7 9. 0-0-0 Nbd7 10. g4 b5 11. Bxf6 Nxf6 12. a3 Bb7 13. g5 Nd7 14. Bh3 Nc5 15. Qe3 0-0 16. Rhg1 Qb6 17. Rg3 b4 18. axb4 Qxb4 19. f5 e5 20. Nf3 Rab8 21. f6 Bd8 22. fxg7 Re8 23. Bf5 Bc6 24. g6 fxg6 25. Bxg6 hxg6 26. Qh6 Qxb2+ 27. Kd2 Qxc3+ 28. Ke2 Bb5+ 29. Kf2 Nxe4+ 0-1

[Event "POL-ch U18"]
[Site "Wisla"]
[Date "2000.??.??"]
[Round "5"]
[White "Fudalej, Michal"]
[Black "Bojdol, Robert"]
[Result "1/2-1/2"]
[WhiteElo "2164"]
[BlackElo "2060"]
[PlyCount "126"]
[EventDate "2000.02.26"]
[EventType "swiss"]
[EventRounds "10"]
[EventCountry "POL"]
[SourceTitle "EXT 2005"]
[Source "ChessBase"]
[SourceDate "2004.11.15"]
[SourceVersion "1"]
[SourceVersionDate "2004.11.15"]
[SourceQuality "1"]

1. Nf3 d6 2. g3 g6 3. Bg2 Bg7 4. 0-0 Nc6 5. c4 e5 6. Nc3 Be6 7. d3 h6 8. Rb1 Qd7 9. Re1 Nge7 10. b4 0-0 11. b5 Nd8 12. Ba3 f5 13. Nd2 Re8 14. Qc2 c6 15. bxc6 bxc6 16. Rb2 Rc8 17. Reb1 g5 18. Nb3 Kh8 19. Na5 e4 20. dxe4 fxe4 21. Bxe4 Nf5 22. Rd1 Nd4 23. Qc1 d5 24. Bg2 Bh3 25. Rbd2 Bxg2 26. Kxg2 N8e6 27. Nb3 Nf4+ 28. gxf4 Qg4+ 29. Kh1 Nxe2 30. Nxe2 Qf3+ 31. Kg1 Rxe2 32. Rxe2 Qxe2 33. Nd2 Re8 34. Bb2 d4 35. Nf1 gxf4 36. Bxd4 Qg4+ 37. Ng3 fxg3 38. Qxh6+ Kg8 39. Qxg7+ Qxg7 40. Bxg7 gxh2+ 41. Kxh2 Kxg7 42. Rd7+ Kf6 43. Rxa7 Re4 44. Kg3 Rxc4 45. a4 Rc1 46. a5 Ra1 47. f4 c5 48. Kf3 Ke6 49. a6 Kd6 50. Ke4 Ra4+ 51. Kf5 c4 52. Ra8 c3 53. Rc8 Rxa6 54. Rxc3 Ke7 55. Rc7+ Kf8 56. Kg5 Ra1 57. f5 Ra6 58. Rh7 Kg8 59. Rh4 Kf7 60. Rb4 Kg7 61. Rb5 Rc6 62. Rb7+ Kf8 63. f6 Rc1 1/2-1/2

[Event "POL-chT2 South U19"]
[Site "Rudnik"]
[Date "2000.??.??"]
[Round "6.1"]
[White "Krajewski, Radoslaw"]
[Black "Bojdol, Robert"]
[Result "1-0"]
[WhiteElo "2079"]
[BlackElo "2073"]
[PlyCount "87"]
[EventDate "2000.07.20"]
[EventType "team-swiss"]
[EventRounds "10"]
[EventCountry "POL"]
[SourceTitle "EXT 2005"]
[Source "ChessBase"]
[SourceDate "2004.11.15"]
[SourceVersion "1"]
[SourceVersionDate "2004.11.15"]
[SourceQuality "1"]
[WhiteTeam "POL-chT2 South U19 2"]
[BlackTeam "POL-chT2 South U19 3"]
[WhiteTeamCountry "POL"]
[BlackTeamCountry "POL"]

1. d4 Nf6 2. c4 g6 3. Nc3 Bg7 4. e4 d6 5. f3 0-0 6. Be3 e5 7. d5 Nh5 8. Qd2 f5 9. exf5 gxf5 10. 0-0-0 Nd7 11. Bd3 Ndf6 12. Nge2 a6 13. h3 b5 14. cxb5 axb5 15. Bxb5 f4 16. Bf2 Bd7 17. Bd3 Qb8 18. g4 fxg3 19. Nxg3 Nxg3 20. Bxg3 c5 21. Rhg1 Kh8 22. Bh4 Qb4 23. Bg5 Ne8 24. Rg3 Bf5 25. Rdg1 Bxd3 26. Qxd3 Rb8 27. R1g2 Qd4 28. Qc2 e4 29. Qxe4 Qxe4 30. fxe4 Rf1+ 31. Kc2 Be5 32. Bf4 Nf6 33. Bxe5 dxe5 34. Rg5 Nd7 35. Rg7 Nb6 36. b3 c4 37. b4 Rf3 38. R7g3 Rf7 39. Nd1 Rbf8 40. Kd2 Rf3 41. Ke2 Rf1 42. Rg8+ Rxg8 43. Rxg8+ Kxg8 44. Kxf1 1-0

[Event "POL-ch U18"]
[Site "Wisla"]
[Date "2000.??.??"]
[Round "4"]
[White "Zochowski, Piotr"]
[Black "Bojdol, Robert"]
[Result "0-1"]
[WhiteElo "2000"]
[BlackElo "2060"]
[PlyCount "116"]
[EventDate "2000.02.26"]
[EventType "swiss"]
[EventRounds "10"]
[EventCountry "POL"]
[SourceTitle "EXT 2005"]
[Source "ChessBase"]
[SourceDate "2004.11.15"]
[SourceVersion "1"]
[SourceVersionDate "2004.11.15"]
[SourceQuality "1"]

1. e4 c5 2. Nf3 d6 3. d4 cxd4 4. Nxd4 Nf6 5. Nc3 a6 6. Be2 e5 7. Nb3 Be7 8. 0-0 0-0 9. f4 exf4 10. Bxf4 Nc6 11. h3 Be6 12. Kh1 Rc8 13. Rf3 Ne5 14. Rf2 Rxc3 15. bxc3 Nxe4 16. Rf1 Nxc3 17. Qe1 Nxe2 18. Bxe5 dxe5 19. Qxe2 Qc7 20. Rfe1 Rc8 21. Rad1 f6 22. Qf3 Qc6 23. Qe3 Bd5 24. Qf2 Bb4 25. Re3 Bc4 26. Rg3 Kh8 27. c3 Be7 28. Na5 Qa4 29. Rb1 Qxa5 30. Rxb7 Rc7 31. Rb8+ Bg8 32. Qb2 Qd5 33. Qb6 Rd7 34. Qxa6 e4 35. Rb1 Qxa2 36. Qxa2 Bxa2 37. Rb8+ Bg8 38. Re3 f5 39. c4 Bc5 40. Re2 f4 41. h4 e3 42. Ra2 g6 43. Raa8 Rg7 44. Re8 Be7 45. Kg1 h6 46. Rac8 Kh7 47. c5 g5 48. h5 g4 49. c6 Bd6 50. c7 Bxc7 51. Rxg8 Rxg8 52. Rxc7+ Rg7 53. Rc3 Rd7 54. Kf1 Rd1+ 55. Ke2 Rd2+ 56. Kf1 g3 57. Rc4 Rf2+ 58. Ke1 f3 0-1